| 000 | 00745nam a2200169Ia 4500 | ||
|---|---|---|---|
| 001 | 10314 | ||
| 003 | GE_BSU | ||
| 008 | 181216s||||||||xx |||||||||||||| ||und|| | ||
| 040 | _cGE_BSU | ||
| 050 | _a911.3:32(100)(075.8)+913.1(100)(075.8) | ||
| 100 | _aდავითაშვილი,ზურაბ | ||
| 245 | _aმსოფლიოს ისტორიული და პოლიტიკური გეოგრაფია | ||
| 245 | _bსახელმძღვანელო უმაღლეს სასწ. სტუდ. | ||
| 245 | _cრედ.ი სალუქვაძე | ||
| 653 | _aმსოფლიოს ისტორიული და პოლიტიკური გეოგრაფია | ||
| 942 | _cBK | ||
| 999 |
_c43580 _d43580 |
||